Yoga Therapy for Repetitive Stress Injury (Record no. 249005)

MARC details
000 -LEADER
fixed length control field 00550nam a22001937a 4500
003 - CONTROL NUMBER IDENTIFIER
control field OSt
008 - FIXED-LENGTH DATA ELEMENTS--GENERAL INFORMATION
fixed length control field 250509b |||||||| |||| 00| 0 eng d
020 ## - INTERNATIONAL STANDARD BOOK NUMBER
International Standard Book Number 9788123921815
082 ## - DEWEY DECIMAL CLASSIFICATION NUMBER
Classification number 617.3
100 ## - MAIN ENTRY--PERSONAL NAME
Personal name Ebnezar, John
245 ## - TITLE STATEMENT
Title Yoga Therapy for Repetitive Stress Injury
Remainder of title Yoga Therapy in Common Orthopedic Problems
Statement of responsibility, etc John Ebnezar
250 ## - EDITION STATEMENT
Edition statement 1st
260 ## - PUBLICATION, DISTRIBUTION, ETC. (IMPRINT)
Place of publication, distribution, etc New Delhi
Name of publisher, distributor, etc CBS Publishers & Distributors
Date of publication, distribution, etc 2012
650 ## - SUBJECT ADDED ENTRY--TOPICAL TERM
Form subdivision Occupational Therapy
General subdivision Yoga Therapy
942 ## - ADDED ENTRY ELEMENTS (KOHA)
Item type Books
Source of classification or shelving scheme Dewey Decimal Classification
Holdings
Withdrawn status Lost status Damaged status Permanent location Current location Shelving location Date acquired Source of acquisition Cost, normal purchase price Full call number Barcode Date last seen Koha item type
      CENTRAL LIBRARY, NOORUL ISLAM CENTRE FOR HIGHER EDUCATION CENTRAL LIBRARY, NOORUL ISLAM CENTRE FOR HIGHER EDUCATION General stacks 05/09/2025 Masters Books and Distributors, 7-04-2025 350.00 617.3 Q2 83865 05/09/2025 Books
Visitors:
Copyright © 2024 Central Library NICHE.  All rights reserved.